[Event "Chigorin Memorial 26th"]
[Site "St Petersburg"]
[Date "2018.10.31"]
[Round "5"]
[White "Emeljanov, Alexander"]
[Black "Alekseenko, Kirill"]
[Result "0-1"]
[WhiteElo "2244"]
[BlackElo "2639"]
[PlyCount "154"]
[EventDate "2018.10.27"]
[EventType "swiss"]
[EventRounds "9"]
[EventCountry "RUS"]
[SourceTitle "CBM 187 Extra"]
[Source "ChessBase"]
[SourceDate "2018.11.04"]
[SourceVersion "1"]
[SourceVersionDate "2018.11.04"]
[SourceQuality "1"]

1. d4 d5 2. Nf3 Nf6 3. c4 dxc4 4. e3 Bg4 5. Bxc4 e6 6. h3 Bh5 7. Nc3 a6 8. 0-0 Nc6 9. Be2 Bd6 10. b3 0-0 11. Bb2 Qe7 12. Ne5 Bxe2 13. Nxc6 Bxd1 14. Nxe7+ Bxe7 15. Rfxd1 Nd5 16. Rac1 c6 17. e4 Nxc3 18. Bxc3 Rad8 19. Rd3 Rd7 20. Rcd1 f5 21. f3 Bf6 22. Bb4 Rfd8 23. Bc5 Kf7 24. Kf1 h5 25. Ke2 Bg5 26. a4 Bf4 27. Bb6 Re8 28. Kf1 g5 29. Kf2 h4 30. Ba5 Kg6 31. Bd2 Bc7 32. Ke2 Kh5 33. Be3 Rg7 34. Rh1 Bd6 35. Bf2 Rf8 36. e5 Be7 37. Rc3 Rd8 38. Rc4 a5 39. Be1 Rd5 40. b4 axb4 41. Bxb4 Bxb4 42. Rxb4 c5 43. dxc5 Rxe5+ 44. Kf2 Rxc5 45. Rhb1 Rd7 46. R1b2 Rd1 47. Rxb7 f4 48. R7b4 Rcc1 49. a5 Ra1 50. Rb6 Rg1 51. Ke2 Rxg2+ 52. Kd3 Rxb2 53. Rxb2 Rxa5 54. Ke2 Kg6 55. Kf2 Kf5 56. Kg2 e5 57. Rb8 Ra2+ 58. Kg1 Re2 59. Rf8+ Kg6 60. Rg8+ Kf6 61. Rf8+ Kg7 62. Ra8 e4 63. fxe4 Rxe4 64. Kg2 Re3 65. Ra6 Rg3+ 66. Kh2 f3 67. Rb6 Rg2+ 68. Kh1 Ra2 69. Kg1 Rg2+ 70. Kh1 Re2 71. Kg1 g4 72. Rb7+ Kg6 73. Rb6+ Kg5 74. Rb5+ Kf4 75. Rb4+ Re4 76. Rxe4+ Kxe4 77. hxg4 h3 0-1